Sports Quiz

Random Sports or College Quiz

Past/Present Members of the Middle Atlantic Conference (MAC) Quiz Stats

 Plays Quiz not verified by Sporcle

Challenge
Share
Tweet
Embed
Score 0/57 Timer 10:00
0 Plays Today
Initials College/University % Correct
NYUNew York University
87.8%
UDUniversity of Delaware
82.9%
F&MCFranklin and Marshall College
78%
ACAlbright College
73.2%
AUAlvernia University
73.2%
JHUJohns Hopkins University
73.2%
RURutgers University
73.2%
DVCDelaware Valley College
70.7%
EUEastern University
68.3%
ECElizabethtown College
68.3%
LVCLebanon Valley College
68.3%
MCMessiah College
68.3%
SJUSt. Joseph's University
68.3%
UPUniversity of Pennsylvania
68.3%
GCGettysburg College
65.9%
KCKing's College
65.9%
LCLycoming College
65.9%
MUMisericordia University
65.9%
USUniversity of Scranton
65.9%
WUWilkes University
65.9%
W&JCWashington and Jefferson College
63.4%
BUBucknell University
61%
DUDeSales University
61%
DCDickinson College
61%
LULehigh University
61%
SHUSeton Hall University
61%
WUWidener University
61%
AUAmerican University
58.5%
AUArcadia University
58.5%
Initials College/University % Correct
HCHood College
58.5%
SUSusquehanna University
58.5%
UCUrsinus College
58.5%
FDU-CFFairleigh Dickinson University - College at Florham
56.1%
JCJuniata College
56.1%
MCManhattanville College
56.1%
MCMoravian College
56.1%
SUStevenson University
56.1%
WCUWest Chester University
53.7%
HCHaverford College
51.2%
LCLafayette College
51.2%
MCMuhlenberg College
51.2%
SCSwarthmore College
51.2%
WMC (MC)Western Maryland College (McDaniel College)
51.2%
PUPrinceton University
48.8%
TUTemple University
48.8%
CUColumbia University
46.3%
DUDrew University
46.3%
DUDrexel University
43.9%
SITStevens Institute of Technology
43.9%
UCUpsala College
43.9%
WCWashington College
39%
HUHofstra University
34.1%
AUAlfred University
31.7%
RURider University
29.3%
LULasalle University
22%
WCWagner College
14.6%
UCUnion College
12.2%

You're not logged in!

Compare scores with friends on all Sporcle quizzes.
OR
Log In

You Might Also Like...

Show Comments

Extras

Top Quizzes Today


Score Distribution

Your Account Isn't Verified!

In order to create a playlist on Sporcle, you need to verify the email address you used during registration. Go to your Sporcle Settings to finish the process.

Report this User

Report this user for behavior that violates our Community Guidelines.

Details: